| 000 | 00439nab a22001457 4500 | ||
|---|---|---|---|
| 003 | ES-SlBCS | ||
| 005 | 20210327224109.0 | ||
| 008 | 150408s2015 fr ||||| |||| 00| 0 fre d | ||
| 040 |
_aES-SlBCS _bspa |
||
| 041 | _afre | ||
| 100 | 1 |
_aSèbe, Jean-Baptiste _9100714 |
|
| 245 | 1 | 3 |
_aLa résurrection, une mission de paroles _cJean-Baptiste Sèbe |
| 773 | 0 |
_gVol. 159, fasc. 4, 2015, págs. 67-76 _tÉtudes _wRev203 _x0014-1941 |
|
| 942 |
_2lcc _cAR |
||
| 999 |
_c461166 _d461166 |
||